banner koha

Fiscalização de entidades turfísticas (Registro n. 260151)

MARC details
000 -LÍDER
Campo de controle fixo 00988nam a22003737a 4500
001 - NÚMERO DE CONTROLE
Número de controle BR2023002276
003 - CÓDIGO MARC DA AGÊNCIA CATALOGADORA
Campo de controle BR-BrBNA
005 - DATA E HORA DA ÚLTIMA ATUALIZAÇÃO
Campo de controle 20231221152023.0
008 - CAMPO DE TAMANHO FIXO
Campo fixo de controle 231221b bl.||||| |||| 00| 0 por d
040 ## - FONTE DA CATALOGAÇÃO
Agência catalogadora BR-BrBNA
Idioma da catalogação por
041 ## - CÓDIGO DO IDIOMA
Código do Idioma por
072 ## - CATEGORIA AGRIS
Código da categoria de assunto/objeto <a href="L70 ; D50">L70 ; D50</a>
Código do objeto 5100
090 ## - NÚMERO DE CHAMADA
Localização na estante 5100 BR2023002276
100 ## - ENTRADA PRINCIPAL - NOME PESSOAL
Nome pessoal Motta, Antônio Carlos
110 1# - ENTRADA PRINCIPAL - ENTIDADE
9 (RLIN) 6897
Nome da entidade ou lugar Ministério da Agricultura, Pecuária e Abastecimento, Brasília, DF (Brasil)
245 ## - TÍTULO PRINCIPAL
Título principal Fiscalização de entidades turfísticas
260 ## - IMPRENTA (PUBLICAÇÃO, DISTRIBUIÇÃO, ETC.)
Lugar de publicação, distribuição, etc. Brasília, DF (Brasil)
Data de publicação, distribuição, etc 2010
300 ## - DESCRIÇÃO FÍSICA
Extensão 79 p.
500 ## - NOTA GERAL
Notas gerais 15 tables
650 ## - ASSUNTO - THESAGRO
Cabeçalho tópico ou nome geográfico INSPEÇÃO VETERINÁRIA
650 ## - ASSUNTO - THESAGRO
Cabeçalho tópico ou nome geográfico EQUINOCULTURA
650 ## - ASSUNTO - THESAGRO
Cabeçalho tópico ou nome geográfico EQUINO
650 ## - ASSUNTO - THESAGRO
Cabeçalho tópico ou nome geográfico HIPISMO
650 ## - ASSUNTO - THESAGRO
Cabeçalho tópico ou nome geográfico CAVALO
650 ## - ASSUNTO - THESAGRO
Cabeçalho tópico ou nome geográfico CRIAÇÃO
650 ## - ASSUNTO - THESAGRO
Cabeçalho tópico ou nome geográfico RAÇA
650 ## - ASSUNTO - THESAGRO
Cabeçalho tópico ou nome geográfico PURO SANGUE INGLÊS
650 ## - ASSUNTO - THESAGRO
Cabeçalho tópico ou nome geográfico CADEIA PRODUTIVA
650 ## - ASSUNTO - THESAGRO
Cabeçalho tópico ou nome geográfico EXPORTAÇÃO
650 ## - ASSUNTO - THESAGRO
Cabeçalho tópico ou nome geográfico IMPORTAÇÃO
650 ## - ASSUNTO - THESAGRO
Cabeçalho tópico ou nome geográfico LEGISLAÇÃO
909 ## - IDENTIFICAÇÃO DO CATALOGADOR
Ano e mês da catalogação (aaaamm) 202312
Identificação do catalogador Fernando
942 ## - TIPO ESPECÍFICO
Tipo de material Livros
952 ## - LOCATION AND ITEM INFORMATION (KOHA)
-- 2023-12-21
Exemplares
Status de empréstimo Fonte de classificação Status de danificação Não pode ser emprestado Código da coleção Localização permanente Localização atual Localização na estante Total Checkouts Número de chamada Código de barras Tipo de material
  Classificação AGRIS     Agrobase Biblioteca Nacional de Agricultura - Binagri Biblioteca Nacional de Agricultura - Binagri Agrobase - Acervo Geral   5100 BR2023002276 2023-437449 Livros

BINAGRI

Telefone: (61)3218-2567/2388/3357/2097 - binagri@agro.gov.br

Ministério da Agricultura e Pecuária , Esplanada dos Ministérios, Bloco D, Anexo B, Brasília/DF, CEP: 70.043-900